1736 1502 1735 1902 1599 1606 1684 1580 1851 1883 1871 1516 1292 1675 1495 1133 1647 1379 1107 1528 1263 1106 1558 1352 1221 1049 1734 1282 1396 1923 1177 1122 1691 1205 1784 1504 1868 1993 1295 1835 1581 1610 1450 1340 1849 1738 1319 1849 1361 1809 1787 1190 1923 1079 1529 1736 1799 1424 1237 1095 1028 1111 1693 1357 1013 1198 1478 1454 1573 1619 1448 1212 1700 1496 1401 1023 1424 1777 1094 1170 1299 1908 1758 1178 1897 1432 1151 1592 1280 1788 1680 1110 1946 1220 1020 1147 1759 1098 1417 BCNSPRNW ULIB Ver.6.0+V

เปลี่ยนเป็นภาษาไทย

Change to English
 แสดงรายละเอียดบรรณานุกรม
  กลับหน้าหลัก

Brief Record : Get Marc (ISO 2709) : E-mail record : QR code < ปิดหน้าต่าง
LEADER : 00000nam 2200000uu 4500
001    13399114994
003     ULIB
008    110627s2551||||th 000 0 tha d
020    9789741098170
090    นว.^bว354ร
100 0  วลีวิไล
245 00 รักฉันไหมหัวใจฝากถาม/^cวลีวิไล
250    พิมพ์ครั้งที่ 2
260    กรุงเทพฯ :^bแจ่มใส,^c2551
300    397 หน้า
710 1  แจ่มใส
945    ^p239^l0^i024481
995    ทศพร
999 ^a ใช้งานได้ทุกระบบ
รายการนี้ยังไม่มีแท็ก
คุณยังไม่ได้ล็อกอิน คุณสามารถมีกิจกรรมร่วมกับเว็บไซต์ได้ แต่ต้องล็อกอินก่อน ::
  ล็อกอิน

รายการสื่อสารสนเทศ

ลำดับที่ ประเภท เลขเรียก/บาร์โค้ด สถานที่ สถานะ
1. นวนิยาย
นวนิยาย
นว. ว354ร ฉ.1 
  Barcode: 024481
ห้องสมุดวิทยาเขตสวรรค์ประชารักษ์
►นวนิยาย
บนชั้น
  ขอยืม

BibComment


ยังไม่เคยถูกคอมเมนท์

คอมเมนท์ทรัพยากรรายการนี้
  คอมเมนท์: รักฉันไหมหัวใจฝาก..


 Copyright 2026. Bcnsprnw @Library